Statistics for Every 250K+ City In Russia On A Map

Click here to take the quiz!

General Stats

  • This quiz has been taken 1,281 times
  • The average score is 39 of 76

Answers on the Map

Answers color-coded by a green-red scale on the quiz's map according to % correct below.
 

Answer Stats

RankCityPopulation% Correct
1Moscow12,455,682
99%
2Saint Petersburg5,384,342
99%
27Vladivostok600,871
92%
40Kaliningrad493,256
89%
15Volgograd1,004,763
89%
4Yekaterinburg1,495,066
88%
3Novosibirsk1,620,162
87%
10Rostov-on-Don1,137,704
87%
6Nizhny Novgorod1,244,254
86%
5Kazan1,257,341
85%
69Murmansk282,851
84%
9Omsk1,139,897
83%
14Perm1,049,199
81%
8Samara1,144,759
81%
45Sochi432,322
81%
11Ufa1,125,933
81%
7Chelyabinsk1,187,960
76%
16Krasnodar948,827
76%
23Irkutsk617,515
74%
54Arkhangelsk344,927
71%
13Voronezh1,050,602
70%
12Krasnoyarsk1,092,851
67%
17Saratov830,155
67%
57Yakutsk330,615
66%
34Astrakhan524,371
64%
29Tomsk568,508
61%
58Grozny324,602
60%
60Smolensk320,170
59%
26Yaroslavl601,403
57%
43Kursk450,977
54%
41Tula467,955
53%
28Orenburg572,819
52%
52Vladimir352,347
52%
24Khabarovsk610,305
49%
19Tolyatti693,072
49%
46Tver424,969
49%
50Belgorod391,702
48%
32Ryazan534,801
47%
18Tyumen816,700
47%
25Makhachkala604,266
46%
49Bryansk399,579
45%
22Ulyanovsk625,462
45%
44Ulan-Udè437,514
43%
20Izhevsk646,468
41%
35Kirov521,091
41%
38Lipetsk503,216
40%
36Penza516,450
40%
42Stavropol454,488
40%
48Ivanovo401,506
39%
56Kaluga331,842
38%
66Oryol303,696
37%
21Barnaul631,124
36%
53Chita350,861
35%
47Magnitogorsk413,251
35%
65Vologda308,530
35%
30Kemerovo552,546
34%
68Tambov289,701
33%
70Petrozavodsk280,711
32%
67Vladikavkaz301,543
30%
72Kostroma277,393
29%
63Kurgan309,285
28%
74Novorossiysk275,795
27%
61Saransk317,432
27%
33Naberezhnye Chelny532,074
26%
39Cheboksary495,810
24%
31Novokuznetsk544,583
24%
51Surgut387,235
23%
62Cherepovets312,091
22%
55Nizhny Tagil344,656
20%
64Podolsk309,250
19%
76Khimki257,757
18%
37Balashikha507,307
17%
73Yoshkar-Ola276,155
17%
59Volzhsky323,853
15%
71Nizhnevartovsk278,725
13%
75Sterlitamak274,134
13%

Score Distribution

Percentile by Number Answered

Percent of People with Each Score

Your Score History

You have not taken this quiz